000 00686cam a2200241 i 4500
001 27655
003 Mx-PuUPA
005 20241023084931.0
008 140415s1991 mx 000 0 spa d
020 _a9706665331
040 _cMx-PuUPA
_aMx-PuUPA
_bspa
_dMx-PuUPA
_erda
041 _aspa
100 1 _aNietzsche, Friedrich Wilhelm,
_d1844-1900
_97860
245 1 0 _aEl anticristo
264 _aMéxico, D. F. :
_bGrupo Editorial Tomo,
_c2002
300 _a138 páginas ;
_c19 cm
336 _2rdacontent
_atexto
_btxt
337 _2rdamedia
_asin medio
_bn
338 _2rdacarrier
_avolumen
_bnc
650 7 _2armarc
942 _2ddc
_cLI
_hxx
_iN66
_m
_n
999 _c27655
_d27655